Le pain dans l'Histoire (et dans les histoires) - Statistiques

Statistiques générales
  • Ce quiz a été pris 7 694 fois
  • Le résultat moyen est 7 sur 15
Statistiques - réponses
Indice Personnage % Correct
Puisqu'ils n'ont pas de pain, "qu'ils mangent de la brioche !", aurait rétorqué cette reine de France quand on lui annonçait que le peuple n'avait rien à manger. Marie-Antoinette
94%
Un petit môme qui a voulu faire le malin en semant des miettes de pain pour retrouver son chemin... Le Petit Poucet
91%
Il a miraculeusement multiplié les pains, avant une petite rando sur le lac de Tibériade Jésus Christ
82%
Condamné au bagne pour avoir volé un quignon de pain. Misère, misère ! Jean Valjean
59%
Condamné à manger son pain à la sueur de son front, tout ça à cause d'une pomme ! Adam
56%
Quand le peuple de Paris est allé en masse à Versailles pour en ramener "le boulanger, la boulangère et le petit mitron", qui était le boulanger ? Louis XVI
55%
On a trouvé du pain dans le tombeau de ce pharaon, paraît-il Toutankhamon
51%
Ce scientifique français identifie la levure comme l'agent responsable de la fermentation Louis Pasteur
49%
Auteur d'un livre sur la fabrication du pain, et créateur de la première école de boulangerie à Paris, il aurait pourtant dû préférer les pommes de terre ! Antoine Parmentier
45%
Saint patron des boulangers, il a aussi donné son nom à un gâteau à base de pâte à choux et de crème pâtissière Saint Honoré
42%
On lui doit un pain pas franchement comestible et très explosif ! Alfred Nobel
33%
Auteur de la "Femme du Boulanger" Marcel Pagnol
29%
Il a inventé un pain longue conservation en le faisant recuire. La biscotte, quoi Charles Heudebert
14%
Boulanger parisien célèbre décédé prématurément en 2002 dans un accident d'avion Lionel Poilâne
8%
"Du pain et des jeux" : cette citation latine, parfois attribuée à Jules César, est en fait due à ce poète latin Juvénal
7%
Aucun quiz correspondant
Distribution des résultats
% des personnes avec chaque résultat
Percentile par nombre de réponses
Votre historique - résultats
Vous n’avez pas pris ce quiz